The Trans-Pacific Partnership agreement : estimating trade potentials using the gravity approach /
Saved in:
| Main Author: | |
|---|---|
| Format: | Thesis Book |
| Language: | English |
| Subjects: | |
| Tags: |
Add Tag
No Tags, Be the first to tag this record!
|
| LEADER | 01316cam a2200337 i 4500 | ||
|---|---|---|---|
| 001 | u993063 | ||
| 003 | SIRSI | ||
| 005 | 201404070922 | ||
| 008 | 140407s2012 my a t 000 0 eng m | ||
| 040 | |a UMM |e rda | ||
| 043 | |a p------ | ||
| 090 | |a HB71 |b UM 2012 Moh | ||
| 100 | 1 | |a Moharreri, Amirhossein, |e author. | |
| 245 | 1 | 4 | |a The Trans-Pacific Partnership agreement : |b estimating trade potentials using the gravity approach / |c Amirhossein Moharreri. |
| 264 | 1 | |c 2012 | |
| 264 | 4 | |c 2012 | |
| 300 | |a xii, 103 leaves : |b illustrations ; |c 30 cm. | ||
| 336 | |a text |2 rdacontent | ||
| 337 | |a unmediated |2 rdamedia | ||
| 338 | |a volume |2 rdacarrier | ||
| 502 | |b M.Ec. |c Jabatan Ekonomi, Fakulti Ekonomi dan Pentadbiran, Universiti Malaya |d 2012. | ||
| 504 | |a Bibliography: leaves 96-103. | ||
| 630 | 0 | 0 | |a Trans-Pacific Strategic Economic Partnership Agreement |d (2005 June 3) |
| 650 | 0 | |a Gravity model of international trade. | |
| 650 | 0 | |a International trade |x Econometric models. | |
| 650 | 0 | |a Foreign trade regulation |z Pacific Area. | |
| 650 | 0 | |a Free trade |z Pacific Area. | |
| 710 | 2 | |a Universiti Malaya. |b Jabatan Ekonomi, |e degree granting institution. | |
| 900 | |a ZA | ||
| 596 | |a 1 | ||
| 999 | |a HB71 UM 2012 MOH |w LC |c 1 |i A515875049 |d 11/5/2019 |e 11/5/2019 |f 9/12/2014 |g 1 |l STACKS |m P01UTAMA |n 9 |r Y |s Y |t TESIS |u 9/12/2014 | ||
